Standard system of measuring builders` work 5th edition issued by The Association of South African Quantity Surveyors in consultation with The Building Industries Federation (South Africa) (Record no. 94438)

MARC details
000 -LEADER
fixed length control field 00832cam a2200229 4500
001 - CONTROL NUMBER
control field D1101
008 - FIXED-LENGTH DATA ELEMENTS--GENERAL INFORMATION
fixed length control field 090401t1977 xxu||||| |||| 00| 0 eng d
035 ## - SYSTEM CONTROL NUMBER
System control number (Sirsi) u62540
041 ## - LANGUAGE CODE
Language code of text/sound track or separate title eng
050 ## - LIBRARY OF CONGRESS CALL NUMBER
Classification number 692.30968
110 ## - MAIN ENTRY--CORPORATE NAME
Corporate name or jurisdiction name as entry element The Association of South African Quantity Surveyors
9 (RLIN) 1538
245 ## - TITLE STATEMENT
Title Standard system of measuring builders` work 5th edition issued by The Association of South African Quantity Surveyors in consultation with The Building Industries Federation (South Africa)
260 ## - PUBLICATION, DISTRIBUTION, ETC.
Place of publication, distribution, etc. Cape Town
Name of publisher, distributor, etc. The Association of South African Quantit
Date of publication, distribution, etc. 1977
300 ## - PHYSICAL DESCRIPTION
Extent x. 136p. 30cm
350 ## - PRICE (NR) (BK AM CF MU VM SE) [OBSOLETE]
Price 0
520 ## - SUMMARY, ETC.
Summary, etc. Filed at SMM 1977/1B
650 ## - SUBJECT ADDED ENTRY--TOPICAL TERM
Topical term or geographic name entry element Measurement
9 (RLIN) 6256
650 ## - SUBJECT ADDED ENTRY--TOPICAL TERM
Topical term or geographic name entry element SOUTH AFRICA
650 ## - SUBJECT ADDED ENTRY--TOPICAL TERM
Topical term or geographic name entry element BUILT ENVIRONMENT-QUANTITY SURVEYING-STANDARD METHOD OF MEASURMENT
942 ## - ADDED ENTRY ELEMENTS (KOHA)
Suppress in OPAC 0
948 ## - LOCAL PROCESSING INFORMATION (OCLC); SERIES PART DESIGNATOR (RLIN)
c (OCLC) 04/03/1997
Holdings
Withdrawn status Lost status Source of classification or shelving scheme Damaged status Not for loan Home library Current library Shelving location Date acquired Total Checkouts Full call number Barcode Date last seen Copy number Price effective from Koha item type
    Other/Generic Classification Scheme     London London Gallery 15/01/1992   SMM 1977/1 30032274 06/08/2019 1 06/08/2019 Reference material